MARC
| LEADER | 00000 a a2200000 04500 | ||
|---|---|---|---|
| 001 | 33803 | ||
| 003 | cru CIDCACS/IIS | ||
| 005 | 20170818142833.0 | ||
| 008 | 170818b xxu||||| |||| 00| 0 spa d | ||
| 999 | |c 13119 |d 13119 | ||
| 040 | |c CIDCACS/IIS | ||
| 090 | |a 05.03.01 M538u | ||
| 100 | |a Méndez Quintana, Donald | ||
| 245 | |a Una mirada al concepto desarrollo / |c Donald Méndez Quintana | ||
| 260 | |a Managua : |b PNUD | ||
| 300 | |a 90 páginas | ||
| 650 | |a DESARROLLO HUMANO | ||
| 650 | |a DESARROLLO SOSTENIBLE | ||
| 650 | |a TEORIA | ||
| 650 | |a HISTORIA | ||
| 650 | |a POBLACION | ||
| 650 | |a NICARAGUA | ||
| 942 | |2 ddc |c LI | ||
